| 000 | 00390nam a2200097Ia 4500 | ||
|---|---|---|---|
| 008 | 180130s9999 xx 000 0 und d | ||
| 245 |
_cPeters, F. _aBecoming Goldilocks: privacy and data sharing in "just right" conditions |
||
| 260 | _c2016 | ||
| 300 | _aBook title: Perspectives on data science for software engineering--Acession number C20893; pages 193-198 | ||
| 650 | _aSOFTWARE ENGINEERING | ||
| 999 |
_c354315 _d354315 |
||